000 00449nam a22001697a 4500
005 20230117114309.0
008 220226b ||||| |||| 00| 0 eng d
020 _a978-93-86084-63-7
041 _aeng
082 _a615.19
_bDEO-P
100 _aDEODHAR, DR. MEENAKSHI N AND OTHERS
_97252
245 _aPHARMACEUTICAL ORGANIC CHEMISTRY
260 _aPUNE
_bNIRALI PRAKASHAN
300 _a18.22;p
650 _aPHARMACY
_xB.PHARMA
_97083
942 _cBK
999 _c7990
_d7988